Score 0/30 Timer 03:00
2 Plays Today
Mixed Word Answer % Correct
InsectsWASP
96.1%
WeaponsGUN
95.2%
WeaponsKNIFE
94.7%
WeaponsSWORD
93.6%
TreesBIRCH
93.4%
ReptilesSEA TURTLE
93.3%
WeaponsMACE
90.3%
InsectsBEETLE
90%
Precious StonesONYX
89.9%
ArtistsVAN GOGH
89.9%
ReptilesKOMODO DRAGON
87.6%
ReptilesPYTHON
87%
TreesMAPLE
85.4%
Precious StonesTOPAZ
84.1%
ReptilesCHAMELEON
81.8%
Mixed Word Answer % Correct
InsectsAPHID
66.7%
Precious StonesEMERALD
65.4%
Precious StonesSAPPHIRE
64.9%
Precious StonesAMETHYST
61.6%
TreesCEDAR
61.1%
ReptilesALLIGATOR
59.5%
InsectsDRAGONFLY
49.9%
InsectsHORNET
49.8%
ArtistsREMBRANDT
40.4%
TreesROWAN
32.4%
TreesALDER
31.3%
ArtistsRENOIR
31.3%
WeaponsGRENADE
30.9%
ArtistsCHAGALL
27.6%
ArtistsDUCHAMP
13%

You're not logged in!

Compare scores with friends on all Sporcle quizzes.
OR
Log In

Sporcle TV

Today on Sporcle TV


Watch our educational content, quiz creation guides, and fun videos on Sporcle TV.

Show Comments

Extras

Top Quizzes Today


Score Distribution

Your Account Isn't Verified!

In order to create a playlist on Sporcle, you need to verify the email address you used during registration. Go to your Sporcle Settings to finish the process.

Report this User

Report this user for behavior that violates our Community Guidelines.

Details: